[Event "Muensterland Regionalliga 1819"]
[Site "Germany"]
[Date "2018.09.29"]
[Round "2.1"]
[White "Kabatianski, Alexander"]
[Black "Fuest, Martin"]
[Result "1-0"]
[WhiteElo "2328"]
[BlackElo "2122"]
[PlyCount "67"]
[EventDate "2018.09.08"]
[EventType "team-tourn"]
[EventRounds "9"]
[EventCountry "GER"]
[SourceTitle "EXT 2020"]
[Source "ChessBase"]
[SourceDate "2019.10.17"]
[SourceVersion "1"]
[SourceVersionDate "2019.10.17"]
[SourceQuality "1"]
[WhiteTeam "Emsdetten Rochade"]
[BlackTeam "Bocholt"]
[WhiteTeamCountry "GER"]
[BlackTeamCountry "GER"]

1. c4 c6 2. Nf3 Nf6 3. Nc3 d5 4. e3 Nbd7 5. Qc2 e6 6. b3 b6 7. Bb2 Bb7 8. d4 Be7 9. Bd3 Rc8 10. 0-0 0-0 11. Rad1 c5 12. Ne5 g6 13. f4 cxd4 14. exd4 Qc7 15. Qe2 dxc4 16. bxc4 Ba6 17. a4 Nxe5 18. fxe5 Nh5 19. Nb5 Bxb5 20. axb5 Bg5 21. Qe4 Ng7 22. Rf3 f5 23. Qe1 Be7 24. d5 exd5 25. cxd5 Qc5+ 26. Kh1 Qxd5 27. Bxf5 Qa8 28. Bxc8 Rxf3 29. gxf3 Qxf3+ 30. Kg1 Bc5+ 31. Bd4 Nh5 32. Bxc5 Nf4 33. Rd2 bxc5 34. Rf2 1-0

[Event "Muensterland Regionalliga 1718"]
[Site "Germany"]
[Date "2017.11.11"]
[Round "3.1"]
[White "Henke, Wolfgang1111"]
[Black "Fuest, Martin"]
[Result "1/2-1/2"]
[WhiteElo "1787"]
[BlackElo "2140"]
[PlyCount "26"]
[EventDate "2017.09.02"]
[EventType "team-tourn"]
[EventRounds "9"]
[EventCountry "GER"]
[SourceTitle "EXT 2019"]
[Source "ChessBase"]
[SourceDate "2018.10.10"]
[SourceVersion "1"]
[SourceVersionDate "2018.10.10"]
[SourceQuality "1"]
[WhiteTeam "Beelen"]
[BlackTeam "Bocholt"]
[WhiteTeamCountry "GER"]
[BlackTeamCountry "GER"]

1. e4 c6 2. d4 d5 3. Nc3 dxe4 4. Nxe4 Nd7 5. Bc4 e6 6. Nf3 Ngf6 7. Nxf6+ Nxf6 8. 0-0 Be7 9. Qe2 0-0 10. Re1 a5 11. a4 Nd5 12. Bb3 Bf6 13. Ne5 Qb6 1/2-1/2

[Event "Muensterland Verbandsliga 1516"]
[Site "Germany"]
[Date "2015.10.24"]
[Round "2.1"]
[White "Fuest, Martin"]
[Black "Hartmann, Steffen"]
[Result "1-0"]
[WhiteElo "2157"]
[BlackElo "1877"]
[PlyCount "81"]
[EventDate "2015.09.12"]
[EventType "team"]
[EventRounds "9"]
[EventCountry "GER"]
[SourceTitle "EXT 2017"]
[Source "ChessBase"]
[SourceDate "2016.10.25"]
[SourceVersion "1"]
[SourceVersionDate "2016.10.25"]
[SourceQuality "1"]
[WhiteTeam "Bocholt"]
[BlackTeam "Muenster SK V"]
[WhiteTeamCountry "GER"]
[BlackTeamCountry "GER"]

1. d4 Nf6 2. Nf3 g6 3. Bg5 Ne4 4. Bf4 Bg7 5. c3 d6 6. Nbd2 Nf6 7. h3 0-0 8. e4 b6 9. Bd3 c5 10. d5 Na6 11. 0-0 Nc7 12. Bh2 Nd7 13. a4 a6 14. Qc2 Rb8 15. Nc4 Bb7 16. Rfd1 b5 17. axb5 axb5 18. Na5 c4 19. Be2 Qc8 20. Nd4 Re8 21. Ndc6 Bxc6 22. Nxc6 Rb7 23. Bg4 h5 24. Bxd7 Qxd7 25. Nb4 Rc8 26. Qe2 Na8 27. e5 dxe5 28. Bxe5 Bxe5 29. Qxe5 Nb6 30. Re1 Na4 31. Re2 Rcc7 32. Rd1 Qd6 33. Qe3 Rd7 34. Rd4 Nc5 35. Qh6 Ra7 36. g4 Ra1+ 37. Kg2 Nb3 38. Rf4 hxg4 39. Rxg4 Qf6 40. Re6 Qf5 41. Rh4 1-0

[Event "Muensterland Regionalliga 1415"]
[Site "Germany"]
[Date "2015.02.21"]
[Round "6.1"]
[White "Fuest, Martin"]
[Black "Haselhorst, Helmut"]
[Result "1-0"]
[WhiteElo "2144"]
[BlackElo "2052"]
[PlyCount "79"]
[EventDate "2014.09.20"]
[EventType "team-tourn"]
[EventRounds "9"]
[EventCountry "GER"]
[SourceTitle "EXT 2016"]
[Source "ChessBase"]
[SourceDate "2015.10.08"]
[SourceVersion "1"]
[SourceVersionDate "2015.10.08"]
[SourceQuality "1"]
[WhiteTeam "Bocholt"]
[BlackTeam "Steinfurt"]
[WhiteTeamCountry "GER"]
[BlackTeamCountry "GER"]

1. d4 Nf6 2. Nf3 g6 3. c3 Bg7 4. Bg5 h6 5. Bxf6 Bxf6 6. Nbd2 d6 7. g3 0-0 8. Bg2 Nc6 9. d5 Nb8 10. Nd4 Bd7 11. 0-0 c5 12. Nc2 Na6 13. a4 Nc7 14. e4 b6 15. Nc4 Rb8 16. Re1 Bxa4 17. Rxa4 b5 18. Rxa7 bxc4 19. Ra2 Qd7 20. Ne3 Ra8 21. Rxa8 Rxa8 22. Nxc4 Qa4 23. Qe2 Rb8 24. f4 Qb3 25. e5 Bg7 26. h4 Na8 27. exd6 exd6 28. Nxd6 Nb6 29. Nxf7 Nc4 30. d6 Nxb2 31. d7 Qxc3 32. d8Q+ Rxd8 33. Nxd8 Qd4+ 34. Kh2 Qxd8 35. Qe6+ Kh7 36. h5 gxh5 37. Qf5+ Kh8 38. Qg6 Qg8 39. Re8 Bf8 40. Qf6+ 1-0

[Event "Muensterland Verbandsliga 1011"]
[Site "Germany"]
[Date "2010.11.27"]
[Round "3.1"]
[White "Doennebrink, Elmar"]
[Black "Fuest, Martin"]
[Result "1/2-1/2"]
[WhiteElo "2028"]
[BlackElo "2084"]
[PlyCount "45"]
[EventDate "2010.09.25"]
[EventType "team-tourn"]
[EventRounds "9"]
[EventCountry "GER"]
[SourceTitle "EXT 2012"]
[Source "ChessBase"]
[SourceDate "2011.11.24"]
[SourceVersion "1"]
[SourceVersionDate "2011.11.24"]
[SourceQuality "1"]
[WhiteTeam "Suedlohn"]
[BlackTeam "Bocholt"]
[WhiteTeamCountry "GER"]
[BlackTeamCountry "GER"]

1. e4 d5 2. exd5 Qxd5 3. Nc3 Qd6 4. Nf3 Nf6 5. Be2 c6 6. 0-0 Bf5 7. d3 e6 8. Nd2 Nbd7 9. Nde4 Bxe4 10. Nxe4 Nxe4 11. dxe4 Nc5 12. Bf3 Qc7 13. Qe2 Be7 14. g3 0-0 15. Be3 Nd7 16. Bg2 Bc5 17. Rfd1 Bxe3 18. Qxe3 Nb6 19. Qb3 Rfd8 20. c3 Rxd1+ 21. Rxd1 Rd8 22. Bf1 g6 23. Be2 1/2-1/2

[Event "Muensterland Verbandsliga 0910"]
[Site "Germany"]
[Date "2009.12.12"]
[Round "4.1"]
[White "Roescher, Mark"]
[Black "Fuest, Martin"]
[Result "1-0"]
[WhiteElo "2021"]
[BlackElo "2091"]
[PlyCount "83"]
[EventDate "2009.09.26"]
[EventType "team-tourn"]
[EventRounds "9"]
[EventCountry "GER"]
[SourceTitle "EXT 2011"]
[Source "ChessBase"]
[SourceDate "2010.11.26"]
[SourceVersion "1"]
[SourceVersionDate "2010.11.26"]
[SourceQuality "1"]
[WhiteTeam "Heiden"]
[BlackTeam "Bocholt"]
[WhiteTeamCountry "GER"]
[BlackTeamCountry "GER"]

1. c4 c6 2. Nc3 d5 3. d4 Nf6 4. Nf3 a6 5. a4 g6 6. Bf4 Bg7 7. e3 0-0 8. h3 a5 9. Be2 Na6 10. cxd5 Nxd5 11. Nxd5 Qxd5 12. Rc1 Be6 13. Bc4 Qd7 14. Ne5 Bxe5 15. Bxe6 Qxe6 16. Bxe5 Rfd8 17. Qg4 Qb3 18. 0-0 Nb4 19. Kh2 Qxa4 20. Rc3 Nd5 21. Rc5 Qb3 22. e4 Nf6 23. Qh4 Qd3 24. Re1 Qd2 25. Re3 Nd7 26. Qxe7 Nxe5 27. dxe5 Rd7 28. Qf6 Qxb2 29. Rcc3 Re8 30. f4 Rd2 31. Qg5 Qb1 32. Rb3 Qc1 33. f5 Qc5 34. e6 Qe5+ 35. Rg3 fxe6 36. Qxd2 exf5 37. exf5 b5 38. Rbe3 Qb8 39. Rxe8+ Qxe8 40. Qd6 Kg7 41. f6+ Kf7 42. Rf3 1-0

[Event "Muensterland Verbandsliga 0809"]
[Site "Germany"]
[Date "2009.04.25"]
[Round "9.1"]
[White "Fuest, Martin"]
[Black "Rebber, Christian"]
[Result "1/2-1/2"]
[WhiteElo "2230"]
[BlackElo "2087"]
[PlyCount "124"]
[EventDate "2008.09.20"]
[EventType "team-tourn"]
[EventRounds "9"]
[EventCountry "GER"]
[SourceTitle "EXT 2010"]
[Source "ChessBase"]
[SourceDate "2010.11.25"]
[SourceVersion "1"]
[SourceVersionDate "2010.11.25"]
[SourceQuality "1"]
[WhiteTeam "Bocholt"]
[BlackTeam "Ahaus Wessum"]
[WhiteTeamCountry "GER"]
[BlackTeamCountry "GER"]

1. d4 Nf6 2. Nf3 e6 3. c4 d5 4. Nc3 Be7 5. Bf4 0-0 6. e3 a6 7. Rc1 b6 8. cxd5 exd5 9. Be2 Bb7 10. Ne5 Nbd7 11. 0-0 c5 12. Bf3 Ne4 13. Bxe4 dxe4 14. Nxd7 Qxd7 15. dxc5 Qxd1 16. Rfxd1 Bxc5 17. Na4 Rfd8 18. Bc7 Rdc8 19. Bxb6 Bf8 20. Bc5 Bxc5 21. Rxc5 Rd8 22. Rdc1 h6 23. h3 Rab8 24. R1c2 g6 25. Nb6 Rd6 26. Nc4 Rd1+ 27. Kh2 Bd5 28. b3 Bxc4 29. R5xc4 Re8 30. Kg3 Re6 31. Rc6 Rdd6 32. Rxd6 Rxd6 33. Rc4 f5 34. Rc7 g5 35. b4 Rf6 36. a4 Rb6 37. Rc4 Kf7 38. b5 axb5 39. Rb4 Ra6 40. axb5 Rb6 41. f3 exf3 42. gxf3 Ke6 43. e4 fxe4 44. Rxe4+ Kd5 45. Rb4 Ke5 46. Kf2 Kd5 47. Rb1 Kd4 48. Kg3 Ke5 49. Kg4 Kf6 50. f4 h5+ 51. Kxh5 gxf4 52. Kg4 Ke5 53. Kf3 Rh6 54. Kg4 Rg6+ 55. Kh5 Rb6 56. h4 Kf5 57. Rb3 Rb8 58. Kh6 Rb6+ 59. Kg7 Kg4 60. Rb4 Kxh4 61. Rxf4+ Kg5 62. Rb4 Kf5 1/2-1/2